Matériel d'équitation - Statistiques

Statistiques générales
  • Ce quiz a été pris 4 306 fois
    4 273 depuis la dernière actualisation
  • Le résultat moyen est 19 sur 50
Statistiques - réponses
Hint Réponse % Correct
cheval selle
96%
cavalier bombe
93%
cavalier bottes
86%
cheval tapis
85%
cavalier cravache
79%
cavalier pantalon
71%
soin bouchon
65%
soin cure-pied
64%
cheval guêtre
64%
cheval licol
63%
cheval amortisseur
61%
sellerie étrier
60%
cavalier éperon
56%
soin étrille
52%
cheval mors
52%
soin brosse douce
49%
cavalier gant
49%
entretien sellerie graisse
49%
soin graisse
49%
cheval bridon
45%
cheval sangle
44%
manège barre
42%
cheval longe
39%
cheval couverture
38%
cheval cloche
36%
cavalier chaussette
34%
sellerie étrivière
33%
manège chandelier
31%
cheval bonnet
30%
cavalier gilet
30%
cheval fer
27%
soin peigne
26%
cheval bande
25%
écurie pelle
25%
manège plot
23%
soin démêlant
22%
écurie fourche
19%
entretien sellerie savon
19%
cheval couvre-rein
17%
cheval martinguale
16%
écurie brouette
15%
écurie balais
14%
écurie seau
14%
écurie abreuvoir
6%
écurie ramasse-crottin
6%
cheval corde
5%
écurie mangeoire
5%
soin ciseaux
3%
soin tondeuse
2%
sellerie fourreau
1%
Aucun quiz correspondant
Distribution des résultats
% des personnes avec chaque résultat
Percentile par nombre de réponses
Votre historique - résultats
Vous n’avez pas pris ce quiz depuis la dernière actualisation